Statistics for NBA 2010 Playoffs Starters

Click here to take the quiz!

General Stats

  • This quiz has been taken 596 times
    (549 since last reset)
  • The average score is 43 of 80

Answer Stats

TeamPlayer% Correct
CavaliersLeBron James
100%
HeatDwyane Wade
95%
LakersKobe Bryant
95%
MagicDwight Howard
92%
MavericksDirk Nowitzki
91%
CelticsKevin Garnett
91%
CelticsPaul Pierce
91%
CelticsRay Allen
91%
ThunderKevin Durant
90%
LakersPau Gasol
90%
CelticsRajon Rondo
90%
BullsDerrick Rose
89%
SunsSteve Nash
89%
SpursTim Duncan
89%
ThunderRussell Westbrook
88%
CavaliersAnthony Parker
83%
NuggetsCarmelo Anthony
83%
MavericksJason Kidd
83%
BullsJoakim Noah
83%
JazzDeron Williams
81%
HawksMarvin Williams
81%
CavaliersMo Williams
81%
CavaliersShaquille O'Neal
81%
CelticsKendrick Perkins
80%
SpursManu Ginobili
80%
SunsAmar'e Stoudemire
79%
LakersDerek Fisher
77%
HawksJosh Smith
75%
Trail BlazersLaMarcus Aldridge
73%
MavericksShawn Marion
70%
LakersAndrew Bynum
69%
HawksJoe Johnson
69%
JazzCarlos Boozer
68%
LakersRon Artest
68%
HawksAl Horford
67%
HeatJermaine O'Neal
65%
BullsLuol Deng
63%
MagicJameer Nelson
59%
MagicRashard Lewis
51%
NuggetsChauncey Billups
50%
SpursRichard Jefferson
50%
BobcatsGerald Wallace
49%
MagicVince Carter
47%
BucksBrandon Jennings
46%
Trail BlazersAndre Miller
44%
ThunderThabo Sefolosha
43%
ThunderJeff Green
42%
BobcatsStephen Jackson
42%
SpursGeorge Hill
41%
SunsGrant Hill
41%
SunsJason Richardson
41%
HeatQuentin Richardson
41%
MavericksCaron Butler
40%
BullsKirk Hinrich
40%
BullsTaj Gibson
40%
BobcatsBoris Diaw
38%
NuggetsKenyon Martin
35%
NuggetsNenê
35%
Trail BlazersNicolas Batum
35%
HawksMike Bibby
30%
Trail BlazersMarcus Camby
29%
CavaliersAntawn Jamison
25%
JazzWesley Matthews
24%
BucksKurt Thomas
23%
MagicMatt Barnes
18%
NuggetsArron Afflalo
17%
SunsJarron Collins
17%
MavericksErick Dampier
14%
BobcatsRaymond Felton
14%
SpursAntonio McDyess
9%
HeatMichael Beasley
9%
ThunderNenad Krstić
9%
BucksJohn Salmons
8%
BucksCarlos Delfino
7%
Trail BlazersRudy Fernandez
6%
HeatCarlos Arroyo
5%
JazzC.J. Miles
5%
BucksLuc Mbah a Moute
5%
BobcatsTheo Ratliff
3%
JazzKyrylo Fesenko
2%

Score Distribution

Percentile by Number Answered

Percent of People with Each Score

Your Score History

You have not taken this quiz since the last reset